Inspiradores latinoamericanos (Registro nro. 2208)

Detalles MARC
000 -LEADER
fixed length control field 01485 a2200229 4500
001 - CONTROL NUMBER
control field 31683
005 - DATE AND TIME OF LATEST TRANSACTION
control field 20260407155620.0
008 - FIXED-LENGTH DATA ELEMENTS--GENERAL INFORMATION
fixed length control field 260407a2014 arg spa d
003 - CONTROL NUMBER IDENTIFIER
control field AR-UNSa-BCEJYS
040 ## - CATALOGING SOURCE
Original cataloging agency AR-UNSa-BCEJYS
Language of cataloging spa
Transcribing agency AR-UNSa-BCEJYS
080 ## - UNIVERSAL DECIMAL CLASSIFICATION NUMBER
Universal Decimal Classification number 316.46
Common auxiliary subdivision Liderazgo
020 ## - INTERNATIONAL STANDARD BOOK NUMBER
International Standard Book Number 978-950-641-125-1
041 ## - LANGUAGE CODE
Language code of text/sound track or separate title spa
100 1# - MAIN ENTRY--PERSONAL NAME
Personal name Jano Ros, Alexis
245 10 - TITLE STATEMENT
Title Inspiradores latinoamericanos
Name of part/section of a work de emprendedores a líderes empresariales, 14 testimonios
264 #1 - PRODUCTION, PUBLICATION, DISTRIBUTION, MANUFACTURE, AND COPYRIGHT NOTICE
Place of production, publication, distribution, manufacture Buenos Aires :
Name of producer, publisher, distributor, manufacturer Granica
Date of production, publication, distribution, manufacture, or copyright notice 2014
300 ## - PHYSICAL DESCRIPTION
Extent 311 p.
Dimensions 22 cm.
505 ## - FORMATTED CONTENTS NOTE
Formatted contents note 1. Kola Real: el resultado de pensar en grande / Jorge Añaños y Tania Alcázar - 2. La carta de un padre / Luis J. Bakker - 3. El papel de la memoria / Alfredo Caravajal - 4. El hombre de hierro / Roberto de Andraca - 5. Pura química / Antonio Del Valle - 6. Construyendo liderazgo / Orlando Dovat - 7. En alas de lo imposible / Germán Efromovich - 8. Una nube de oportunidades / Marcos Galperin - 9. La firme convicción de los inmigrantes / Julio y Alberto Ikeda - 10. "Nuestra empresa ha llegado a los 100 millones de grados de libertad" / Enrique Pescarmona - 11. La tercera seducción / Álvaro Saieh - 12. Creatividad empresarial más allá de los negocios / Carlos Slim - 13. La tierra prometida / Alberto Vallarino.
590 ## - LOCAL NOTE (RLIN)
Local note niveau_biblio:m niveau_hierar:0
856 41 - ELECTRONIC LOCATION AND ACCESS
Uniform Resource Identifier <a href="https://biblioeco.unsa.edu.ar/pmb/images/libros/Inspiradores latinoamericanos2-l125122.jpg">https://biblioeco.unsa.edu.ar/pmb/images/libros/Inspiradores latinoamericanos2-l125122.jpg</a>
Link text Imagen de portada
Electronic format type image/jpeg
942 ## - ADDED ENTRY ELEMENTS (KOHA)
Koha item type
Existencias
Withdrawn status Lost status Damaged status Not for loan Home library Current library Shelving location Date acquired Total checkouts Full call number Barcode Date last seen Price effective from Koha item type
        Biblioteca Prof. Eusebio Cleto del Rey Biblioteca Prof. Eusebio Cleto del Rey   07/04/2026   316.46 J33 L125122 07/04/2026 07/04/2026 Libro